000 00665nam a2200241Ia 4500
001 18226
003 GE_BSU
008 181216s||||||||xx |||||||||||||| ||und||
020 _a9780194551007
040 _cGE_BSU
080 _a811.111
100 _aRobin Walker, Keith Harding
245 _aOxford English for Careers: Tourism 1: Student's Book
260 _aOXFORD
260 _bOxford University Press
260 _c2006
300 _a143 pages,27cm
300 _bcolour illustrations throughout
541 _h42gel.
653 _aOxford English for Careers: Tourism 1: Student's Book
653 _aინგლისური ენა
942 _cBK
999 _c51264
_d51264